000 00650nam a2200229 i 4500
001 C2-0236361
003 PPAK
005 20180727200154.0
008 011004s1959 io |||| ||||| | may d
040 _aPPAK
_beng
_cPPAK
_erda
082 0 4 _a899.2213
_223
090 0 0 _a899.2213
_bALI
_dKAM
100 1 _aAlisjahbana, S. Takdir,
_eauthor
245 1 0 _aDian jang tak kundjung padam
264 1 _aDjakarta, Indonesia :
_bDinas Penerbitan Balai Pustaka ,
_c1959
300 _a198 pages ;
_c19 cm
336 _2rdacontent
_atext
337 _2rdamedia
_aunmediated
338 _2rdacarrier
_avolume
650 1 0 _aIndonesian fiction
942 _ddc
_cB
999 _c52187
_d52187